أثر الثورة التكنولوجية المعاصرة على تقييم برامج وسياسات إدارة الموارد البشرية : نموذج وزارة التربية والتعليم بسلطنة عمان /
Saved in:
| 主要作者: | |
|---|---|
| 其他作者: | |
| 格式: | Thesis |
| 語言: | Arabic |
| 出版: |
Suriya :
Jami'at Tishrin,
2009
|
| 主題: | |
| 標簽: |
添加標簽
沒有標簽, 成為第一個標記此記錄!
|
| LEADER | 014680000a22002650004500 | ||
|---|---|---|---|
| 008 | 140822s2009 sy a f 000 0 ara d | ||
| 040 | |a UIAM |b eng | ||
| 041 | |a ara | ||
| 043 | |a a-mk--- | ||
| 050 | 0 | |a HG6331.2.O5 | |
| 100 | 1 | |a فزاري، محمد بن احمد بن محمد | |
| 242 | 1 | 0 | |a Athar al-thawrah al-tiknulujiyah al-mu'asirah 'ala taqyim baramij wa-siyasiyat idarah al-mawarid al-bashariyah : |b namudhaj Wizarat al-Tarbiyah wa-al-Ta'lim bi Sultanat 'Uman |
| 245 | 1 | 0 | |a أثر الثورة التكنولوجية المعاصرة على تقييم برامج وسياسات إدارة الموارد البشرية : |b نموذج وزارة التربية والتعليم بسلطنة عمان / |c محمد بن احمد بن محمد الفزاري |
| 260 | |a Suriya : |b Jami'at Tishrin, |c 2009 | ||
| 300 | |a 217 p. : |b ill. ; |c 30 cm. | ||
| 500 | |a "بحث أعد لنيل درجة الدكتوراة في إدارة الأعمل" --On t. p. | ||
| 502 | |a Thesis (Ph. D.)--Jami'at Tishrin, 2009. | ||
| 504 | |a Includes bibliographical references (leaves 208-217) . | ||
| 596 | |a 1 | ||
| 610 | 1 | |a Oman. |b Wizarat al-Tarbiyah wa-al-Ta'lim | |
| 655 | |a Theses, Facsimile edition (Islamic) | ||
| 700 | 1 | |a Fazari, Muhammad ibn Ahmad ibn Muhammad | |
| 900 | |a arf-nbm-sar-nbm | ||
| 999 | |c 437861 |d 469731 | ||
| 952 | |0 0 |6 TI HG 006331.2 O5 F287A 2009 |7 0 |8 THESES |9 759225 |a IIUM |b IIUM |c MULTIMEDIA |g 0.00 |o ti HG 6331.2 O5 F287A 2009 |p 00011293413 |r 2017-10-23 |t 1 |v 0.00 |y THESIS | ||
